| LEADER |
01043nam0a2200205 450 |
| 001 |
16848523 |
| 010 |
|
|
|a 978-2-08-046755-3
|b br.
|d 20
|
| 100 |
|
|
|a 20241220d2025 u u0frey01 ba
|
| 101 |
0 |
|
|a fre
|
| 102 |
|
|
|a FR
|
| 200 |
0 |
|
|a A propos d'un village oublié
|f Véronique Mougin
|
| 207 |
|
1 |
|a
|
| 210 |
|
|
|a Paris
|b 26 rue Racine.
|c Flammarion
|d 2025
|
| 215 |
|
|
|a 1 vol. (195 p.)
|d 21 x 14 cm
|
| 225 |
1 |
|
|a Littérature française
|
| 330 |
|
|
|a Juive originaire de Hongrie, Marguerite s'est installée à Paris avec son mari tchécoslovaque quand commence l'Occupation. Elle ne tarde pas à le rejoindre dans la Drôme, en zone libre, où il s'est engagé pour la France. Tout au long de son parcours, de nombreuses personnes l'aident et la protègent, parfois au péril de leur vie. Un roman inspiré de l'histoire vraie de la grand-mère de l'auteure.
|
| 700 |
|
0 |
|a Mougin
|b Véronique
|4 70
|
| 900 |
|
|
|a Roman
|
| 901 |
|
|
|a Accessible au prêt
|
| 995 |
|
|
|a Bibliothèque
|c Bibliothèque
|f 00156012558987
|h 00156012558987
|k R MOU
|o p
|q a
|r az
|e Bibliothèque
|